000 00418nam a2200169Ia 4500
003 GCL
008 140319s9999 xx 000 0 eng d
040 _aGCL /
_cGCL
082 0 4 _a843
_bP C
100 1 _aPROUST, MARCEL
245 1 0 _aLE COTE DE CUERMANTES /
_cPROUST, MARCEL
260 _a[S.N] :
_bGALLIMARD ،
_c1994
300 _a765 P
650 0 4 _aLITERATURE
650 0 4 _aFRENCH LITERATURE
942 _2ddc
_cBK
999 _c22589
_d22589